000 00500nam a22001697a 4500
005 20251108175428.0
008 250721s2016 xx 000 0 ara d
082 1 4 _a126/حجا
100 1 _aحجازي، احمد توفيق
245 1 0 _aقوة الأنا /
264 1 _aعمان - الاردن :
_bدار كنوز المعرفة للنشر والتوزيع،
_c2016.
300 _a208ص.
650 1 7 _aالأنا
650 1 7 _aإحترام الذات
942 _2ddc
_cBK
999 _c133897
_d133897